| 000 | 00000nam##2200000za#4500 |
| 001 | 9.697441 |
| 003 | CaOODSP |
| 005 | 20210624235500 |
| 007 | cr ||||||||||| |
| 008 | 150407|1978||||xxc|||||o f|0| 0 eng|d |
| 040 | |aCaOODSP|beng |
| 043 | |an-cn--- |
| 086 | 1 |aA53-1280/1978E-PDF |
| 110 | 1 |aCanada.|bAgriculture Canada.|bResearch Branch. |
| 245 | 10|aElderberry culture in Eastern Canada / |h[electronic resource]|c[by] D.L. Craig, Research Station, Kentville, Nova Scotia. |
| 250 | |aRevised |
| 260 | |aOttawa - Ontario : |bAgriculture Canada. |c1966, revised 1978. |
| 300 | |a8p.|billus. |
| 500 | |aHistorical publication digitized by Agriculture and Agri-Food Canada. |
| 590 | |a13-17-Supp|b2013-07-25 |
| 690 | 07|aAgri-food products|2gcpds |
| 690 | 07|aFarming|2gcpds |
| 775 | 08|tLa culture du sureau dans l'est du Canada / |w(CaOODSP)9.642182 |
| 856 | 40|ahttp://publications.gc.ca|qPDF|s415 KB|uhttps://publications.gc.ca/collections/collection_2013/aac-aafc/agrhist/A53-1280-1978-eng.pdf |
| 986 | |a1280 |